Title in the Lyrics Quiz #1 - Radiohead - Statistics

General Stats
  • This quiz has been taken 129 times
  • The average score is 8 of 17
Answer Stats
Song Lyric % Correct
But I'm a {creep} / I'm a weirdo
100%
No alarms and {no} {surprises}
95%
{Karma} {police} arrest this man he talks in maths
90%
You do it to yourself / {just} you
82%
You are {All} {I} {Need} / I'm in the middle of your picture
74%
Hysterical and useless / hysterical and {let} {down} and hanging around
64%
My baby has got {the} {bends} / oh no
55%
Open up your skull / I'll be there / {climbing} {up} {the} {walls}
45%
Gave me sunshine / made me happy / {nice} {dream}
34%
You had to ruin it / for all concerned / in a drunken {punch} {up} {at} {a} {wedding}
30%
Come on, come on / {You} {and} {whose} {army}?
27%
{I will} / lay me down / in a bunker
19%
I will run away no more / {I promise}
17%
It Should be ringing / it should be ringing / this is {the} {gloaming}
17%
{Reckoner} / you can't take it with you
17%
Sing a song on the jukebox that goes / {burn} {the} {witch}
14%
The stress and the tension / I'm in a {lull}
7%
No matching quizzes found
Score Distribution
Percent of People with Each Score
Percentile by Number Answered
Your Score History
You have not taken this quiz